00330nam a2200121Ia 4500008004100000041000800041082001400049100001800063245004300081260004200124300003300166365000900199240624s9999 xx 000 0 und d aeng a332.1 HEN aHENS THORSTEN aBEHAVIOURAL FINANCE FOR PRIVATE BANKNG c2008aNew JerseybJohn Wiley and Sons axxiii, : 245 : p. : cm. ; 25 cb30